[Event "Asnieres Challenge blitz"]
[Site "Asnieres sur Seine"]
[Date "2017.06.11"]
[Round "11.2"]
[White "Ouerk, Yanis"]
[Black "Sotelo, Renzo"]
[Result "1-0"]
[WhiteElo "2380"]
[BlackElo "2070"]
[PlyCount "61"]
[EventDate "2017.06.10"]
[EventType "swiss (blitz)"]
[EventRounds "15"]
[EventCountry "FRA"]
[SourceTitle "EXT 2024"]
[Source "ChessBase"]
[SourceDate "2023.10.10"]
[SourceVersion "1"]
[SourceVersionDate "2023.10.10"]
[SourceQuality "1"]

1. d4 Nf6 2. c4 c5 3. d5 d6 4. Nc3 g6 5. e4 Bg7 6. h3 0-0 7. Nf3 e6 8. Bd3 exd5 9. cxd5 a6 10. a4 Re8 11. 0-0 h6 12. Bf4 Qe7 13. Re1 Nh5 14. Bh2 Nd7 15. g4 Nhf6 16. e5 dxe5 17. Nxe5 Nxe5 18. Bxe5 Qd8 19. Bc4 Nd7 20. Bxg7 Kxg7 21. Ne4 b6 22. Nd6 Re7 23. Qf3 Ne5 24. Rxe5 Qxd6 25. Rxe7 Qxe7 26. d6 Qa7 27. Re1 Be6 28. Bxe6 fxe6 29. Rxe6 Rf8 30. Qc3+ Kg8 31. Re7 1-0

[Event "Asnieres Challenge blitz"]
[Site "Asnieres sur Seine"]
[Date "2017.06.10"]
[Round "5.4"]
[White "Jardy, Herve"]
[Black "Ouerk, Yanis"]
[Result "1-0"]
[WhiteElo "1960"]
[BlackElo "2380"]
[PlyCount "101"]
[EventDate "2017.06.10"]
[EventType "swiss (blitz)"]
[EventRounds "15"]
[EventCountry "FRA"]
[SourceTitle "EXT 2024"]
[Source "ChessBase"]
[SourceDate "2023.10.10"]
[SourceVersion "1"]
[SourceVersionDate "2023.10.10"]
[SourceQuality "1"]

1. b3 Nf6 2. Bb2 g6 3. Bxf6 exf6 4. c4 Bg7 5. Nc3 0-0 6. e3 Re8 7. g3 d6 8. Bg2 Nd7 9. Nge2 f5 10. 0-0 c6 11. Rc1 a5 12. d4 Qb6 13. Qd3 Qa6 14. Rfd1 Nf6 15. a3 Qb6 16. Na4 Qc7 17. c5 Be6 18. Nf4 Rad8 19. Nxe6 Rxe6 20. Qe2 Ree8 21. Kh1 Bf8 22. Qc4 Ne4 23. Bxe4 Rxe4 24. cxd6 Bxd6 25. Nc5 Ree8 26. b4 axb4 27. axb4 Qe7 28. Nd3 h5 29. b5 h4 30. bxc6 Qe4+ 31. Kg1 hxg3 32. hxg3 Bxg3 33. d5 Bxf2+ 34. Nxf2 Qxe3 35. Re1 Qg5+ 36. Kf1 Rxe1+ 37. Rxe1 bxc6 38. dxc6 Qf6 39. c7 Rc8 40. Rd1 Qb6 41. Rd7 Qf6 42. Qc5 Qa1+ 43. Kg2 Qa8+ 44. Kg3 Kg7 45. Qe5+ Kg8 46. Qf6 Qa3+ 47. Kg2 Qa8+ 48. Kh2 Rf8 49. Rd8 Qf3 50. Rxf8+ Kxf8 51. c8Q# 1-0

[Event "Asnieres Challenge blitz"]
[Site "Asnieres sur Seine"]
[Date "2017.06.10"]
[Round "8.3"]
[White "Ouerk, Yanis"]
[Black "Henry, Tony"]
[Result "1-0"]
[WhiteElo "2380"]
[BlackElo "2060"]
[PlyCount "63"]
[EventDate "2017.06.10"]
[EventType "swiss (blitz)"]
[EventRounds "15"]
[EventCountry "FRA"]
[SourceTitle "EXT 2024"]
[Source "ChessBase"]
[SourceDate "2023.10.10"]
[SourceVersion "1"]
[SourceVersionDate "2023.10.10"]
[SourceQuality "1"]

1. d4 Nf6 2. c4 c5 3. d5 e6 4. Nc3 exd5 5. cxd5 d6 6. e4 g6 7. Nf3 Bg7 8. h3 0-0 9. Bd3 a6 10. a4 Nh5 11. Bg5 Qc7 12. 0-0 Nd7 13. Re1 h6 14. Be3 Ne5 15. Be2 Nxf3+ 16. Bxf3 Nf6 17. Qd2 Kh7 18. e5 Ne8 19. Ne4 Rb8 20. exd6 Nxd6 21. Nxd6 Qxd6 22. Bf4 Qf6 23. Bxb8 Bxh3 24. Be5 Qf5 25. Bxg7 Kxg7 26. Be4 Qg4 27. Qc3+ f6 28. Qxh3 Qg5 29. Rad1 Rd8 30. d6 h5 31. Bxb7 Kh6 32. Qe3 1-0

[Event "Condom IM 12th"]
[Site "Condom"]
[Date "2013.07.17"]
[Round "6"]
[White "Kirk, Ezra"]
[Black "Ouerk, Yanis"]
[Result "1-0"]
[WhiteElo "2290"]
[BlackElo "2248"]
[PlyCount "127"]
[EventDate "2013.07.13"]
[EventType "tourn"]
[EventRounds "9"]
[EventCountry "FRA"]
[EventCategory "4"]
[SourceTitle "CBM 155 Extra"]
[Source "ChessBase"]
[SourceDate "2013.08.26"]
[SourceVersion "1"]
[SourceVersionDate "2013.08.26"]
[SourceQuality "1"]

1. d4 Nf6 2. c4 g6 3. Nf3 Bg7 4. g3 0-0 5. Bg2 d6 6. 0-0 c6 7. Nc3 Qa5 8. h3 e5 9. e4 Nbd7 10. Re1 exd4 11. Nxd4 Ne5 12. Bf1 Re8 13. Be3 c5 14. Nb3 Qb4 15. Nd2 Qb6 16. b3 a6 17. Nf3 Qa5 18. Rc1 Nxf3+ 19. Qxf3 Nd7 20. Nd5 Ne5 21. Qe2 Be6 22. Red1 Nc6 23. Bg2 Nd4 24. Bxd4 cxd4 25. b4 Qd8 26. Nf4 Qd7 27. h4 Rac8 28. a3 Rc7 29. Kh2 Be5 30. Nxe6 Qxe6 31. Qd3 Qe7 32. f4 Bxf4 33. gxf4 Qxh4+ 34. Kg1 Qxf4 35. Qxd4 Rce7 36. Rf1 Qg5 37. Rc3 Rxe4 38. Qxd6 Rg4 39. Qd5 Qe7 40. Rcf3 Rf8 41. c5 h5 42. Qd2 a5 43. Rf4 Rg3 44. R1f3 Rg5 45. Re3 Re5 46. Rxe5 Qxe5 47. Qd4 Qg5 48. Kh2 Qe7 49. Re4 Qg5 50. bxa5 f5 51. Re3 Kh7 52. Rg3 Qe7 53. Qd6 Qg7 54. a6 Rf6 55. axb7 Rxd6 56. b8Q Rd4 57. Qb7 Rd7 58. Qb8 h4 59. Re3 Rc7 60. c6 f4 61. Re6 Rf7 62. Qe5 Qf8 63. Be4 Rg7 64. Re8 1-0

[Event "Condom op-A 11th"]
[Site "Condom"]
[Date "2012.07.21"]
[Round "9"]
[White "Ouerk, Yanis"]
[Black "Forestie, Pierre"]
[Result "1-0"]
[WhiteElo "2177"]
[BlackElo "2140"]
[PlyCount "111"]
[EventDate "2012.07.14"]
[EventType "swiss"]
[EventRounds "9"]
[EventCountry "FRA"]
[SourceTitle "EXT 2013"]
[Source "ChessBase"]
[SourceDate "2012.11.22"]
[SourceVersion "1"]
[SourceVersionDate "2012.11.22"]
[SourceQuality "1"]

1. d4 d5 2. c4 e6 3. Nf3 Be7 4. g3 Nf6 5. Bg2 0-0 6. Qc2 c6 7. 0-0 Nbd7 8. Rd1 a6 9. b3 Re8 10. Nbd2 b6 11. e4 dxe4 12. Nxe4 Nxe4 13. Qxe4 Bb7 14. Qc2 Rc8 15. Bf4 Bf6 16. Rac1 Nf8 17. c5 b5 18. h4 Ng6 19. Bg5 Rc7 20. Bxf6 Qxf6 21. Ng5 Bc8 22. Nxh7 Kxh7 23. h5 Qg5 24. hxg6+ Qxg6 25. Qe2 Qf6 26. Qe5 Ree7 27. f4 Kg8 28. Kf2 Red7 29. b4 Qd8 30. Bf3 Bb7 31. Rd2 Qf6 32. Qxf6 gxf6 33. Ke3 Rd8 34. Rh1 Rcd7 35. Rdh2 Kf8 36. Rh8+ Ke7 37. Rxd8 Rxd8 38. Rh7 f5 39. Bh5 Rf8 40. a3 Bc8 41. g4 fxg4 42. Bxg4 Bd7 43. Bh5 Kf6 44. Kf2 Be8 45. Bf3 Rg8 46. Rh6+ Kg7 47. Rh1 Kf6 48. Ra1 Kf5 49. Ke3 Rg3 50. Rh1 Rg8 51. Rh6 Rg1 52. Rh8 Ra1 53. Be4+ Kf6 54. Rxe8 Rxa3+ 55. Bd3 Rb3 56. Ra8 1-0

[Event "Condom op-A 11th"]
[Site "Condom"]
[Date "2012.07.20"]
[Round "8"]
[White "Bujisho, Benjamin"]
[Black "Ouerk, Yanis"]
[Result "1-0"]
[WhiteElo "2391"]
[BlackElo "2177"]
[PlyCount "81"]
[EventDate "2012.07.14"]
[EventType "swiss"]
[EventRounds "9"]
[EventCountry "FRA"]
[SourceTitle "EXT 2013"]
[Source "ChessBase"]
[SourceDate "2012.11.22"]
[SourceVersion "1"]
[SourceVersionDate "2012.11.22"]
[SourceQuality "1"]

1. c4 Nf6 2. Nf3 g6 3. g3 Bg7 4. Bg2 0-0 5. 0-0 d6 6. d3 e5 7. Nc3 Nc6 8. Rb1 a5 9. a3 Nd4 10. Ne1 c6 11. e3 Nf5 12. Nc2 d5 13. cxd5 cxd5 14. e4 dxe4 15. dxe4 Nd4 16. Nxd4 exd4 17. Ne2 Re8 18. Bg5 h6 19. Bxf6 Qxf6 20. Nc1 Bd7 21. Nd3 Rac8 22. f4 Bb5 23. Rf2 Qa6 24. Rd2 Rc7 25. h4 Rec8 26. Bf1 Qe6 27. e5 f6 28. Kh2 Bd7 29. exf6 Bxf6 30. Bg2 Qf7 31. Rc1 Rxc1 32. Nxc1 Bf5 33. Nd3 Bxd3 34. Rxd3 Kg7 35. Rb3 Rc7 36. Qd3 Qe7 37. Be4 Kf8 38. Rb6 Bg7 39. Rxg6 Rc1 40. Bd5 Qe3 41. Qf5+ 1-0

[Event "Condom op-A 11th"]
[Site "Condom"]
[Date "2012.07.15"]
[Round "2"]
[White "Ouerk, Yanis"]
[Black "Anton, Teodor"]
[Result "0-1"]
[WhiteElo "2177"]
[BlackElo "2423"]
[PlyCount "178"]
[EventDate "2012.07.14"]
[EventType "swiss"]
[EventRounds "9"]
[EventCountry "FRA"]
[SourceTitle "EXT 2013"]
[Source "ChessBase"]
[SourceDate "2012.11.22"]
[SourceVersion "1"]
[SourceVersionDate "2012.11.22"]
[SourceQuality "1"]

1. d4 Nf6 2. c4 e6 3. Nf3 c5 4. d5 b5 5. Bg5 b4 6. a3 h6 7. Bxf6 Qxf6 8. Ra2 exd5 9. cxd5 Bb7 10. e4 Qe7 11. b3 g5 12. Bc4 d6 13. 0-0 Bg7 14. Bb5+ Nd7 15. axb4 0-0 16. Bc6 Bxc6 17. dxc6 Nb6 18. b5 Qxe4 19. Qxd6 Qb4 20. Rc2 Qxb5 21. Qxc5 Qxb3 22. h4 g4 23. Nfd2 Qd3 24. Ra2 g3 25. Ra3 gxf2+ 26. Qxf2 Qd6 27. Qf3 Qd4+ 28. Qf2 Rfc8 29. Re3 Nd5 30. Rg3 Qxf2+ 31. Rxf2 Rxc6 32. Rf5 Nb6 33. Na3 a5 34. Ne4 Rg6 35. Rgf3 Re8 36. Ng3 Be5 37. Nh5 Bd4+ 38. Kf1 a4 39. Rxf7 Nd5 40. Rd7 Ne3+ 41. Kg1 Bc5 42. Rc7 Bxa3 43. Nf6+ Rxf6 44. Rxf6 Bf8 45. Ra6 a3 46. Rca7 Nf5 47. Rg6+ Kh8 48. Ra5 Nd4 49. Rga6 Re4 50. Ra8 Kg7 51. R5a7+ Be7 52. Rd7 Kf6 53. Ra6+ Ne6 54. Rd3 Bc5+ 55. Kf1 Rxh4 56. Rc3 Ke5 57. Ra5 Kd5 58. Rcxa3 Rh1+ 59. Ke2 Nd4+ 60. Kd2 Rb1 61. Rh3 Rb2+ 62. Kc1 Rxg2 63. Rh5+ Rg5 64. Rxc5+ Kxc5 65. Rxh6 Kc4 66. Rh3 Rg2 67. Kd1 Nf5 68. Rf3 Ng3 69. Rf8 Ne4 70. Ke1 Kd3 71. Rf3+ Kd4 72. Ra3 Rh2 73. Kf1 Rb2 74. Kg1 Nc3 75. Ra8 Ke3 76. Ra3 Rc2 77. Ra8 Nd5 78. Ra3+ Kf4 79. Ra8 Kf3 80. Ra3+ Ne3 81. Rb3 Re2 82. Rb1 Kg3 83. Ra1 Rb2 84. Rc1 Ra2 85. Rb1 Rd2 86. Ra1 Nc2 87. Rc1 Nd4 88. Rc3+ Nf3+ 89. Kf1 Rf2# 0-1

[Event "Condom op 10th"]
[Site "Condom"]
[Date "2010.07.14"]
[Round "5"]
[White "Houriez, Clement"]
[Black "Ouerk, Yanis"]
[Result "0-1"]
[WhiteElo "2259"]
[BlackElo "2115"]
[PlyCount "64"]
[EventDate "2010.07.??"]
[EventType "swiss"]
[EventRounds "9"]
[EventCountry "FRA"]
[SourceTitle "EXT 2011"]
[Source "ChessBase"]
[SourceDate "2010.11.26"]
[SourceVersion "1"]
[SourceVersionDate "2010.11.26"]
[SourceQuality "1"]

1. d4 Nf6 2. c4 g6 3. Nc3 Bg7 4. e4 d6 5. Nf3 0-0 6. Be2 e5 7. 0-0 Nc6 8. d5 Ne7 9. Nd2 Ne8 10. b4 f5 11. c5 Nf6 12. f3 f4 13. Nc4 g5 14. a4 Ng6 15. Ba3 Rf7 16. b5 dxc5 17. Bxc5 h5 18. a5 g4 19. b6 g3 20. h3 Bxh3 21. gxh3 Qd7 22. Qd2 Qxh3 23. Bd3 Nh4 24. Nxe5 Ng4 25. Nxf7 Nf2 26. Rxf2 gxf2+ 27. Qxf2 Nxf3+ 28. Qxf3 Qxf3 29. bxc7 Qxd3 30. d6 Qxc3 31. d7 Qxc5+ 32. Kg2 Qxc7 0-1

[Event "Condom op 10th"]
[Site "Condom"]
[Date "2010.07.12"]
[Round "3"]
[White "Ouerk, Yanis"]
[Black "Preux, Paul Olivier"]
[Result "1/2-1/2"]
[WhiteElo "2115"]
[BlackElo "2301"]
[PlyCount "45"]
[EventDate "2010.07.??"]
[EventType "swiss"]
[EventRounds "9"]
[EventCountry "FRA"]
[SourceTitle "EXT 2011"]
[Source "ChessBase"]
[SourceDate "2010.11.26"]
[SourceVersion "1"]
[SourceVersionDate "2010.11.26"]
[SourceQuality "1"]

1. e4 e5 2. Nf3 Nc6 3. Bb5 a6 4. Ba4 Nf6 5. 0-0 Nxe4 6. d4 b5 7. Bb3 d5 8. dxe5 Be6 9. Nbd2 Bc5 10. Nxe4 dxe4 11. Ng5 Qxd1 12. Rxd1 e3 13. Bxe3 Bxe3 14. fxe3 Ke7 15. Bxe6 fxe6 16. Nf3 Rad8 17. Kf2 Nb4 18. a3 Nc6 19. Ke2 Rhf8 20. Rxd8 Rxd8 21. Rd1 Rf8 22. Rd3 g5 23. Rc3 1/2-1/2

[Event "Ouest Toulousain op-A 4th"]
[Site "Tournefeuille"]
[Date "2009.02.17"]
[Round "2"]
[White "Ouerk, Yanis"]
[Black "Drenchev, Petar"]
[Result "0-1"]
[WhiteElo "2021"]
[BlackElo "2458"]
[PlyCount "76"]
[EventDate "2009.02.16"]
[EventType "swiss"]
[EventRounds "9"]
[EventCountry "FRA"]
[SourceTitle "CBM 128 Extra"]
[Source "ChessBase"]
[SourceDate "2009.03.05"]
[SourceVersion "2"]
[SourceVersionDate "2009.03.25"]
[SourceQuality "1"]

1. e4 d5 2. exd5 Qxd5 3. Nc3 Qd6 4. d4 Nf6 5. Nf3 a6 6. h3 Nc6 7. Be3 Bf5 8. Bd3 Bg6 9. Bxg6 hxg6 10. Qe2 e6 11. 0-0-0 0-0-0 12. g3 Be7 13. Ng5 Rhf8 14. a3 Nd5 15. Nce4 Qd7 16. Nf3 Nxe3 17. Qxe3 Qd5 18. Nc3 Qa5 19. Ne5 Nxe5 20. Qxe5 Qxe5 21. dxe5 g5 22. h4 gxh4 23. gxh4 Rh8 24. Rdg1 Bxh4 25. f4 g6 26. Ne4 Rd4 27. Rg4 Rxe4 28. Rhxh4 Rxh4 29. Rxh4 Kd7 30. Rg4 Kc6 31. Kd2 Kd5 32. Kd3 b5 33. b3 c5 34. Kc3 a5 35. Kd2 a4 36. Kd3 axb3 37. cxb3 c4+ 38. bxc4+ Rxc4 0-1

[Event "Toulouse Cup"]
[Site "Toulouse"]
[Date "2009.01.11"]
[Round "1.2"]
[White "Rich, Philippe"]
[Black "Ouerk, Yanis"]
[Result "0-1"]
[WhiteElo "2022"]
[BlackElo "2021"]
[PlyCount "34"]
[EventDate "2009.01.11"]
[EventType "team-tourn"]
[EventRounds "7"]
[EventCountry "FRA"]
[SourceTitle "EXT 2010"]
[Source "ChessBase"]
[SourceDate "2010.11.25"]
[SourceVersion "1"]
[SourceVersionDate "2010.11.25"]
[SourceQuality "1"]

1. e4 c5 2. d4 cxd4 3. Nf3 Nc6 4. c3 Nf6 5. e5 Nd5 6. cxd4 d6 7. exd6 Qxd6 8. Nc3 Bg4 9. Bc4 e6 10. 0-0 Be7 11. Qd3 0-0 12. Ne4 Qc7 13. Nfg5 Bf5 14. Rd1 h6 15. Nh3 Ncb4 16. Qg3 Bxe4 17. Bxh6 Qxg3 0-1

[Event "Condom op"]
[Site "Condom"]
[Date "2008.??.??"]
[Round "2"]
[White "Ouerk, Yanis"]
[Black "Brethes, Francois"]
[Result "1/2-1/2"]
[WhiteElo "1918"]
[BlackElo "2194"]
[PlyCount "125"]
[EventDate "2008.07.12"]
[EventType "swiss"]
[EventRounds "9"]
[EventCountry "FRA"]
[SourceTitle "EXT 2009"]
[Source "ChessBase"]
[SourceDate "2008.11.26"]
[SourceVersion "1"]
[SourceVersionDate "2008.11.26"]
[SourceQuality "1"]

1. e4 e6 2. d4 d5 3. Nc3 Nf6 4. Bg5 dxe4 5. Nxe4 Be7 6. Bxf6 Bxf6 7. Nf3 0-0 8. Qd2 b6 9. 0-0-0 Bb7 10. Bd3 Nd7 11. h4 Be7 12. Qe2 Nf6 13. Neg5 Bd6 14. Ne5 Qe7 15. Kb1 c5 16. Ng4 g6 17. h5 Nxg4 18. Qxg4 f5 19. Qh4 h6 20. Nxe6 Qxe6 21. dxc5 Be7 22. Bc4 Bxh4 23. Bxe6+ Kg7 24. Rxh4 Bxg2 25. cxb6 axb6 26. hxg6 Rae8 27. Bc4 Rd8 28. Rhd4 Rxd4 29. Rxd4 Kxg6 30. Bd3 h5 31. b4 Kg5 32. Rd7 Rf6 33. Rg7+ Rg6 34. f4+ Kh6 35. Re7 Rf6 36. Re2 Bf1 37. Rh2 Bxd3 38. cxd3 Rd6 39. Kc2 Rd4 40. Kc3 Rxf4 41. d4 b5 42. d5 Rc4+ 43. Kd3 Rxb4 44. d6 Ra4 45. d7 Ra8 46. Ke3 Rd8 47. Rd2 Kg5 48. Kf3 h4 49. a3 h3 50. Kg3 Kf6 51. Kxh3 Ke6 52. Rb2 Rxd7 53. Rxb5 Rd3+ 54. Kh4 Rxa3 55. Kg5 Rg3+ 56. Kf4 Rg4+ 57. Kf3 Ra4 58. Kg3 Kf6 59. Rb8 Ke5 60. Re8+ Kd5 61. Kf3 Rb4 62. Rd8+ Ke5 63. Re8+ 1/2-1/2